[Event "Timbo U2200 op 2nd"]
[Site "Timbo"]
[Date "2022.08.12"]
[Round "1"]
[White "Zottis, Ernani"]
[Black "Borges, Leonardo Fernandes"]
[Result "0-1"]
[WhiteElo "1420"]
[BlackElo "1850"]
[PlyCount "58"]
[EventDate "2022.08.12"]
[EventType "swiss"]
[EventRounds "6"]
[EventCountry "BRA"]
[SourceTitle "EXT 2024"]
[Source "ChessBase"]
[SourceDate "2023.10.10"]
[SourceVersion "1"]
[SourceVersionDate "2023.10.10"]
[SourceQuality "1"]

1. e4 Nf6 2. Nc3 d5 3. e5 Ne4 4. Nge2 Nxc3 5. dxc3 c5 6. g3 Nc6 7. f4 Bf5 8. Be3 e6 9. Bg2 h5 10. h4 Qc7 11. Qd2 Be7 12. Bf3 0-0-0 13. 0-0-0 Na5 14. b3 Nc6 15. Kb2 b5 16. Nc1 Qa5 17. Qf2 b4 18. c4 Nd4 19. Bxd4 cxd4 20. Rxd4 Bc5 21. cxd5 Bxd4+ 22. Qxd4 exd5 23. Nd3 Bxd3 24. cxd3 Kb8 25. Re1 Rh6 26. f5 Ra6 27. Ra1 Rc8 28. Qe3 Qa3+ 29. Kb1 Rac6 0-1

[Event "Florianopolis op 3rd"]
[Site "Florianopolis"]
[Date "2017.01.23"]
[Round "6"]
[White "Borges, Leonardo Fernandes"]
[Black "Hobold Kammer, Leticia"]
[Result "1-0"]
[WhiteElo "1849"]
[BlackElo "1544"]
[PlyCount "41"]
[EventDate "2017.01.20"]
[EventType "swiss"]
[EventRounds "10"]
[EventCountry "BRA"]
[SourceTitle "CBM 176 Extra"]
[Source "ChessBase"]
[SourceDate "2017.03.02"]
[SourceVersion "1"]
[SourceVersionDate "2017.03.02"]
[SourceQuality "1"]

1. e4 e6 2. Qe2 c5 3. f4 Ne7 4. Nf3 d5 5. d3 Nbc6 6. g3 b6 7. Bg2 Bb7 8. 0-0 Qc7 9. Nc3 0-0-0 10. Ng5 dxe4 11. Nxf7 exd3 12. Qxe6+ Kb8 13. Nxd8 Qxd8 14. cxd3 Qxd3 15. Qe2 Qg6 16. f5 Nxf5 17. Rxf5 Nd4 18. Rxf8+ Rxf8 19. Qe5+ Ka8 20. Bxb7+ Kxb7 21. Qe7+ 1-0

[Event "BRA-ch U18"]
[Site "Itajai"]
[Date "2016.06.12"]
[Round "6"]
[White "Borges, Leonardo Fernandes"]
[Black "Barreto, Marcelo Ferreira"]
[Result "1/2-1/2"]
[WhiteElo "1855"]
[BlackElo "1574"]
[PlyCount "82"]
[EventDate "2016.06.09"]
[EventType "swiss"]
[EventRounds "6"]
[EventCountry "BRA"]
[SourceTitle "CBM 172 Extra"]
[Source "ChessBase"]
[SourceDate "2016.06.21"]
[SourceVersion "1"]
[SourceVersionDate "2016.06.21"]
[SourceQuality "1"]

1. e4 c5 2. Nc3 Nc6 3. f4 d6 4. Nf3 g6 5. Bc4 Bg7 6. d3 Bg4 7. Bxf7+ Kd7 8. h3 Bxf3 9. Qxf3 e6 10. Bxg8 Rxg8 11. Be3 Nd4 12. Qf2 Qa5 13. 0-0 b5 14. Nd1 b4 15. Qd2 Qa4 16. Bxd4 Bxd4+ 17. Kh1 Rgf8 18. c3 Bg7 19. Ne3 Rab8 20. Nc4 d5 21. Ne3 Kc6 22. e5 bxc3 23. bxc3 Rxf4 24. Ng4 Rf5 25. d4 c4 26. Ne3 Bh6 27. Rxf5 gxf5 28. Qe2 Bxe3 29. Qxe3 Qc2 30. Qh6 Re8 31. Qxh7 Qxc3 32. Rb1 Rb8 33. Rxb8 Qc1+ 34. Kh2 Qf4+ 35. Kg1 Qxd4+ 36. Kf1 Qf4+ 37. Kg1 Qe3+ 38. Kf1 Qf4+ 39. Kg1 Qe3+ 40. Kf1 Qf4+ 41. Kg1 Qe3+ 1/2-1/2

[Event "Florianopolis Ribeiro Neto Memorial"]
[Site "Florianopolis"]
[Date "2014.09.13"]
[Round "3"]
[White "Borges, Leonardo Fernandes"]
[Black "Faria, Juliano Espezim Soa"]
[Result "0-1"]
[WhiteElo "1806"]
[BlackElo "1825"]
[PlyCount "62"]
[EventDate "2014.09.12"]
[EventType "swiss"]
[EventRounds "6"]
[EventCountry "BRA"]
[SourceTitle "EXT 2015"]
[Source "ChessBase"]
[SourceDate "2014.11.20"]
[SourceVersion "1"]
[SourceVersionDate "2014.11.20"]
[SourceQuality "1"]

1. e4 Nf6 2. e5 Nd5 3. Nc3 Nxc3 4. bxc3 d5 5. d4 Bf5 6. Bd3 Bxd3 7. Qxd3 Qd7 8. f4 e6 9. Nf3 Be7 10. 0-0 c5 11. Be3 Nc6 12. Kh1 Rc8 13. Bd2 0-0 14. Rab1 a6 15. f5 exf5 16. Ng5 g6 17. Qh3 h5 18. Rfe1 Nd8 19. Rb6 Rc6 20. Rxc6 Qxc6 21. Qg3 cxd4 22. e6 Bxg5 23. exf7+ Nxf7 24. Bxg5 Qxc3 25. Qxc3 dxc3 26. Bf6 Nd6 27. Bxc3 Ne4 28. Bd4 Rc8 29. c3 Rc4 30. Rc1 b5 31. a3 a5 0-1

[Event "Florianopolis Ribeiro Neto Memorial"]
[Site "Florianopolis"]
[Date "2014.09.12"]
[Round "2"]
[White "Gauche, Charles"]
[Black "Borges, Leonardo Fernandes"]
[Result "1-0"]
[WhiteElo "2230"]
[BlackElo "1806"]
[PlyCount "89"]
[EventDate "2014.09.12"]
[EventType "swiss"]
[EventRounds "6"]
[EventCountry "BRA"]
[SourceTitle "EXT 2015"]
[Source "ChessBase"]
[SourceDate "2014.11.20"]
[SourceVersion "1"]
[SourceVersionDate "2014.11.20"]
[SourceQuality "1"]

1. d4 Nf6 2. c4 e6 3. Nf3 d5 4. Nc3 Be7 5. Bg5 c6 6. e3 Nbd7 7. cxd5 exd5 8. Bd3 0-0 9. 0-0 h6 10. Bh4 Re8 11. Rb1 a6 12. Qc2 Nf8 13. b4 Ne4 14. Bxe7 Qxe7 15. Bxe4 dxe4 16. Nd2 f5 17. Nc4 Ng6 18. Rfe1 Qg5 19. Kh1 Be6 20. Nb6 Rad8 21. f4 exf3 22. gxf3 Qh5 23. f4 Qf3+ 24. Qg2 Nh4 25. Qxf3 Nxf3 26. Re2 Bf7 27. Rbb2 Bh5 28. Nc4 Nh4 29. Rf2 Nf3 30. Ne5 Nxe5 31. fxe5 g6 32. Na4 Kf7 33. Nc5 Re7 34. Nd3 Bd1 35. Rbd2 Ba4 36. Nb2 b5 37. h4 Ke6 38. Kg2 g5 39. Nd3 Rf8 40. Nc5+ Kd5 41. e4+ Kc4 42. exf5 gxh4 43. f6 Ref7 44. Kh3 Kxb4 45. e6 1-0

[Event "Sao Bento do Sul op 2nd"]
[Site "Sao Bento do Sul"]
[Date "2014.02.21"]
[Round "1"]
[White "Borges, Leonardo Fernandes"]
[Black "Schutzler, Yan Sidnei"]
[Result "1-0"]
[WhiteElo "1792"]
[BlackElo "1752"]
[PlyCount "37"]
[EventDate "2014.02.21"]
[EventType "swiss"]
[EventRounds "6"]
[EventCountry "BRA"]
[SourceTitle "CBM 159 Extra"]
[Source "ChessBase"]
[SourceDate "2014.04.24"]
[SourceVersion "1"]
[SourceVersionDate "2014.04.24"]
[SourceQuality "1"]

1. e4 c5 2. Nc3 Nc6 3. f4 Nf6 4. Nf3 g6 5. Bc4 Bg7 6. d3 d6 7. 0-0 0-0 8. Kh1 Bg4 9. Qe1 Bxf3 10. gxf3 Qd7 11. Qh4 Nd4 12. Rf2 e5 13. f5 Nh5 14. fxg6 hxg6 15. Nd5 Qd8 16. Bg5 f6 17. Nxf6+ Kh8 18. Nxh5 Qd7 19. Nf6+ 1-0

[Event "Fraiburgo Alvino Memorial 3rd"]
[Site "Fraiburgo"]
[Date "2013.07.21"]
[Round "5"]
[White "Varela, Andre Severino"]
[Black "Borges, Leonardo Fernandes"]
[Result "0-1"]
[WhiteElo "1814"]
[BlackElo "1803"]
[PlyCount "48"]
[EventDate "2013.07.19"]
[EventType "swiss"]
[EventRounds "6"]
[EventCountry "BRA"]
[SourceTitle "CBM 155 Extra"]
[Source "ChessBase"]
[SourceDate "2013.08.26"]
[SourceVersion "1"]
[SourceVersionDate "2013.08.26"]
[SourceQuality "1"]

1. e4 Nf6 2. Nc3 d5 3. exd5 Nxd5 4. Bc4 c6 5. Qf3 e6 6. Nge2 Nd7 7. Bb3 N7f6 8. 0-0 Be7 9. Nf4 0-0 10. Ne4 Nxe4 11. Qxe4 b5 12. c3 Bb7 13. Nxd5 exd5 14. Qg4 d4 15. Bd1 c5 16. cxd4 f5 17. Qf4 Bd6 18. Qe3 cxd4 19. Qb3+ Kh8 20. Qxb5 Bxg2 21. Kxg2 Qg5+ 22. Kh3 Rf6 23. Qe2 Rh6+ 24. Qh5 Rxh5+ 0-1

[Event "Fraiburgo Alvino Memorial 3rd"]
[Site "Fraiburgo"]
[Date "2013.07.19"]
[Round "1"]
[White "Bonatto, Herica Scapini"]
[Black "Borges, Leonardo Fernandes"]
[Result "0-1"]
[WhiteElo "1767"]
[BlackElo "1803"]
[PlyCount "72"]
[EventDate "2013.07.19"]
[EventType "swiss"]
[EventRounds "6"]
[EventCountry "BRA"]
[SourceTitle "CBM 155 Extra"]
[Source "ChessBase"]
[SourceDate "2013.08.26"]
[SourceVersion "1"]
[SourceVersionDate "2013.08.26"]
[SourceQuality "1"]

1. e4 Nf6 2. Nc3 d5 3. e5 Ne4 4. Nxe4 dxe4 5. Bc4 Qd4 6. d3 Qxe5 7. Qe2 Qa5+ 8. Bd2 Qb6 9. b3 exd3 10. cxd3 Bf5 11. Nf3 e6 12. 0-0 Nc6 13. Be3 Bc5 14. Rfd1 0-0-0 15. Bxc5 Qxc5 16. Rac1 Qb6 17. d4 Nxd4 18. Nxd4 Rxd4 19. Rxd4 Qxd4 20. Rd1 Qf6 21. Qd2 Rd8 22. Qe1 Bc2 23. Rxd8+ Qxd8 24. Qe3 Qd1+ 25. Bf1 Qb1 26. h3 Qxa2 27. Kh2 Qxb3 28. Qxa7 Qa4 29. Qc5 Qf4+ 30. g3 Qf5 31. Qb4 Qxf2+ 32. Kh1 Qxf1+ 33. Kh2 Qf2+ 34. Kh1 Qf3+ 35. Kh2 Be4 36. Qxe4 Qxe4 0-1

[Event "Catarinense-ch U20"]
[Site "Concordia"]
[Date "2013.05.18"]
[Round "3"]
[White "Klein, Luan Carlos"]
[Black "Borges, Leonardo Fernandes"]
[Result "0-1"]
[WhiteElo "1813"]
[BlackElo "1797"]
[PlyCount "144"]
[EventDate "2013.05.17"]
[EventType "swiss"]
[EventRounds "6"]
[EventCountry "BRA"]
[SourceTitle "EXT 2015"]
[Source "ChessBase"]
[SourceDate "2014.11.20"]
[SourceVersion "1"]
[SourceVersionDate "2014.11.20"]
[SourceQuality "1"]

1. e4 Nf6 2. Nc3 d5 3. exd5 Nxd5 4. d4 c6 5. Nf3 g6 6. Bd3 Bg7 7. 0-0 0-0 8. Re1 Bg4 9. Nxd5 cxd5 10. c3 Nc6 11. Be3 Qc7 12. Be2 e6 13. Qd2 Ne7 14. Bf4 Qb6 15. Ne5 Bxe2 16. Rxe2 Rad8 17. Rae1 Rfe8 18. Bh6 Nf5 19. Bxg7 Kxg7 20. g3 Qc7 21. Qd3 a6 22. Qf3 Qe7 23. b3 Rc8 24. Rc1 Rc7 25. Rec2 Rec8 26. Qd3 b5 27. c4 Qb4 28. c5 Qxd4 29. Qc3 Qxc3 30. Rxc3 f6 31. Nf3 e5 32. b4 d4 33. Ra3 Rc6 34. g4 Ne7 35. Nd2 Nd5 36. Rb3 Kf7 37. Ne4 f5 38. gxf5 gxf5 39. Ng5+ Kf6 40. h4 h6 41. Nf3 Nc3 42. Rc2 Rd8 43. Rd2 Rc7 44. Ne1 Rg8+ 45. Ng2 Rcg7 46. f3 Nd5 47. Rbb2 Ne3 48. a3 Nc4 49. Kf1 Nxb2 50. Rxb2 Rg3 51. Rf2 f4 52. c6 d3 53. c7 R3g7 54. Rd2 Rxc7 55. Rxd3 Rc1+ 56. Ne1 Re8 57. Rd6+ Re6 58. Rxe6+ Kxe6 59. Kf2 Rxe1 60. Kxe1 Kd5 61. Kd2 e4 62. fxe4+ Kxe4 63. Ke2 f3+ 64. Kf1 Kf4 65. Kf2 h5 66. Kf1 Kg3 67. Kg1 Kxh4 68. Kf2 Kg4 69. Kf1 h4 70. Kf2 h3 71. Kg1 Kg3 72. Kf1 h2 0-1